Statistics for Wonky Word Clicking - O

Click here to take the quiz!

General Stats

  • This quiz has been taken 120 times
  • The average score is 11 of 15

Answer Stats

HintAnswer% Correct
Oxymoron
94%
Obelisk
90%
Oompah
90%
Oddball
88%
Oculus
83%
Omnibus
80%
Oodles
80%
Okapi
78%
Ombudsman
78%
Oblong
73%
Obbligato
72%
Ogham
63%
Orotund
58%
Octothorpe
57%
Oafish
48%

Score Distribution

Percentile by Number Answered

Percent of People with Each Score

Your Score History

You have not taken this quiz